000 00430nam a2200181Ia 4500
001 16843
005 20260306170341.0
008 260306t2001||||xx |||||||||||||| ||und||
041 _aESP
082 _a657.044
_bG77
100 _aGranados Palacios, Rosa Silvia
_eAUT
245 0 _aContabilidad intermedia
260 _c2001
300 _a292 páginas :
_ccm.
650 _aGEN
654 _aCCO
942 _cLIB
_dJUS
_fJUS
_2ddc
_n
999 _c16843
_d16843